000 00302nam a2200121Ia 4500
005 20251222141927.0
008 251222s9999||||xx |||||||||||||| ||spa||
020 _a9972-247-01-5
082 _a372.357/M61C
245 0 _aCuidando el Ambiente En El Que Vivo
264 _bMinisterio de Salud
942 _cLIB
999 _c8919
_d8919